Nigeria National Football Team - Statistics

General Stats
  • This quiz has been taken 33 times
  • The average score is 6 of 19
Answer Stats
Goals Caps Player % Correct
35 51 Victor Osimhen
93%
10 96 Alex Iwobi
56%
12 86 Nwankwo Kanu
56%
6 91 John Obi Mikel
52%
16 110 Ahmed Musa
41%
0 101 Vincent Enyeama
41%
1 75 Wilfred Ndidi
33%
8 82 William Troost-Ekong
33%
19 46 Ikechukwu Uche
22%
7 101 Joseph Yobo
22%
10 95 Moses Simon
19%
18 42 Obafemi Martins
19%
16 37 Odion Ighalo
15%
37 62 Rashidi Yekini
15%
11 86 Mudashiru Lawal
11%
17 49 Samson Siasia
7%
22 47 Segun Odegbami
7%
17 28 Sunday Oyarekhua
7%
21 58 Yakubu Aigyegbeni
7%
No matching quizzes found
Score Distribution
Percent of People with Each Score
Percentile by Number Answered
Your Score History
You have not taken this quiz